Arcs de L'Attaque des Titans - Statistiques

Statistiques générales
  • Ce quiz a été pris 11 fois
  • Le résultat moyen est 4 sur 10
Statistiques - réponses
Arcs de L'Attaque des Titans % Correct
Arc de la Chute de Shiganshina
100%
Arc du Grand Terrassement
78%
Arc du Titan Féminin
78%
Arc du Retour à Shiganshina
44%
Arc de la 104ème Brigade d'entraînement
33%
Arc de la Bataille de Trost
33%
Arc des Mahrs
33%
Arc du Choc des Titans
0%
Arc du Retour à Paradis
0%
Arc du Tournant Majeur
0%
Aucun quiz correspondant
Distribution des résultats
% des personnes avec chaque résultat
Percentile par nombre de réponses
Votre historique - résultats
Vous n’avez pas pris ce quiz